| 000 | 00941nam a22002297a 4500 | ||
|---|---|---|---|
| 005 | 20210325180625.0 | ||
| 008 | s2543 th tha d | ||
| 020 | _a9743300619 | ||
| 041 | _atha | ||
| 050 | _aBQ4570.E25 ว583ธ 2543 | ||
| 100 | 0 | _aวิทยากร เชียงกูล | |
| 245 | 1 | 0 | _aธรรมะแก้ปัญหาเศรษฐกิจของประชาชนได้อย่างไร |
| 260 | 3 |
_aกรุงเทพฯ : _bบุญญปัญญา, _c2543 |
|
| 300 |
_a60 หน้า ; _b 21 ซม. |
||
| 650 | 0 | 4 | _aธรรมะกับชีวิตประจำวัน |
| 650 | 0 | 4 | _aพุทธศาสนากับเศรษฐกิจ |
| 650 | 0 | 4 | _aเศรษฐศาสตร์ -- แง่ศาสนา -- พุทธศาสนา |
| 850 | _aNALT | ||
| 942 | _cGB | ||
| 997 | _c000000000009773 | ||
| 998 | _aBENJALUCK SUTTHIWILAI | ||
| 999 |
_c9773 _d9773 |
||